000 00560nam a22002057a 4500
001 57778
005 20260421102026.0
008 260301s2021 bg ||||| |||| 00| 0 eng d
020 _a9789849502142
040 _aBD-DhIUB
_cBD-DhIUB
_dBD-DhIUB
082 _222
_a658.3
_bT1287h
100 _aTaher, Md. Abu
_97154
245 _aHRM Cases /
_cMd. Abu Taher and Md. Aftab Uddin
260 _aDhaka:
_bAbir publications,
_c2021
300 _a160 p. :
_c24 cm.
526 _aLIB
_lGEN
650 0 _aHRM
_97155
700 _aUddin, Md. Aftab
_97156
942 _2ddc
_cBK
999 _c57778
_d57952